C projects (Record no. 203104)

MARC details
000 -LEADER
fixed length control field 00353nam a2200157Ia 4500
008 - FIXED-LENGTH DATA ELEMENTS--GENERAL INFORMATION
fixed length control field 231221s9999 xx 000 0 und d
041 ## - LANGUAGE CODE
Language code of text/sound track or separate title English
082 ## - DEWEY DECIMAL CLASSIFICATION NUMBER
Classification number 001.6424C KAN1;
100 ## - MAIN ENTRY--PERSONAL NAME
Personal name Kanetkar, Yashavant P.
245 #0 - TITLE STATEMENT
Title C projects
260 ## - PUBLICATION, DISTRIBUTION, ETC.
Date of publication, distribution, etc. 1995
Name of publisher, distributor, etc. BPB
Place of publication, distribution, etc. New Delhi
300 ## - PHYSICAL DESCRIPTION
Extent xi+596
300 ## - PHYSICAL DESCRIPTION
Dimensions 33783
650 ## - SUBJECT ADDED ENTRY--TOPICAL TERM
Topical term or geographic name entry element C
942 ## - ADDED ENTRY ELEMENTS (KOHA)
Koha item type Compact Disks
Holdings
Date last seen Total checkouts Full call number Accession number Price effective from Category Lost status Damaged status Department Withdrawn status Home library Current library Shelving location Entry date Vendor Grants Billnumber Billdate Currency symbol Conversion rate Discount Old discount
26/01/2024   001.6424C KAN1; CD1791 26/01/2024 Compact Disks         Central Library Central Library     Sapna Book House SE/CS 27546 08/10/2009 RS 1   20
26/01/2024   001.6424C KAN1; CD1792 26/01/2024 Compact Disks         Central Library Central Library     Sapna Book House SE/CS 27546 08/10/2009 RS 1   20
26/01/2024   001.6424C KAN1; CD1793 26/01/2024 Compact Disks         Central Library Central Library     Sapna Book House SE/CS 27546 08/10/2009 RS 1   20
26/01/2024   001.6424C KAN1; FP414 26/01/2024 Floppies     Central Library   Central Library Central Library     Sapna Book House CS 26930 21/06/2010 RS 1   15
26/01/2024   001.6424C KAN1; FP416 26/01/2024 Floppies         Central Library Central Library     Sapna Book House SE/CS 27546 21/06/2010 RS 1   20
26/01/2024   001.6424C KAN1; FP417 26/01/2024 Floppies         Central Library Central Library     Sapna Book House SE/CS 27546 21/06/2010 RS 1   20
26/01/2024   001.6424C KAN1; FP418 26/01/2024 Floppies         Central Library Central Library     Sapna Book House SE/CS 27546 21/06/2010 RS 1   20

© For any Suggestions or Query, please contact the library staff @ librarian@pes.edu or Phone: +9180 2672 1983/ 2108.